000 00393 a2200157 4500
001 190663
020 _a978-85-63428-23-3
040 _cMagnum
100 _aMcalister, Marta Ribeiro
240 1 0 _aAs aventuras de mariana: o fim do mundo
_lpor
245 1 0 _aAs aventuras de mariana: o fim do mundo
300 _a50
362 0 _a2012
697 _aLITERATURA INFANTO-JUVENIL
942 _cBK
999 _c190663
_d190663